| 000 | 00552nam a2200205Ia 4500 | ||
|---|---|---|---|
| 005 | 20250425160910.0 | ||
| 008 | 250425s9999 xx 000 0 und d | ||
| 041 | _aeng | ||
| 082 | _a621.380413 | ||
| 100 | _aSAKRISON, DAVID J. | ||
| 245 | 0 | _aCOMMUNICATION THEORY: TRANSMISSION OF WAVEFORMS AND DIGITAL INFORMATION | |
| 250 | _a1ST ED. | ||
| 260 |
_aEstados Unidos _bJOHN WILEY & SONS _c1968 |
||
| 260 | _aNEW YORK | ||
| 300 | _a369 | ||
| 650 | _aSISTEMAS DE COMUNICACION | ||
| 650 | _aTRANSMISION DE ONDAS | ||
| 942 | _c01 | ||
| 010 | _a7884 | ||
| 999 |
_c198430 _d198430 |
||